Paises sobre o EQUADOR - Statistics

Estatísticas Gerais
  • Esse quiz foi jogado 166 vezes
  • A pontuação média é 8 de 13
Estatísticas das Respostas
Pais % Correto
Brasil
95%
Equador
92%
Colombia
83%
Indonesia
74%
Republica Democratica do Congo
74%
Republica do Congo
74%
Quenia
62%
Somalia
56%
Gabao
50%
Uganda
50%
Maldivas
35%
Sao Tome e Principe
35%
Kiribati
30%
Nenhum quiz correspondente encontrado
Distribuição das Pontuações
Porcentagem de Pessoas com Cada Pontuação
Percentil de Números Respondidos
Sua Pontuação Histórica
Você não jogou esse quiz